|
|
|
|
| LEADER |
01082nam a2200277 a 4500 |
| 001 |
2190157 |
| 008 |
100624r19761972enka b 001 0 eng d |
| 010 |
|
|
|a \\\72170831
|
| 020 |
|
|
|a 0140806229
|
| 040 |
|
|
|a DLC
|c DLC
|d DLC
|d BD-DhAAL
|
| 082 |
0 |
0 |
|a 335/.008
|2 18
|
| 100 |
1 |
|
|a Nove, Alec,
|e comp.
|
| 245 |
1 |
0 |
|a Socialist economics: selected readings /
|c edited by Alec Nove and D. M. Nuti.
|
| 260 |
|
|
|a Harmondsworth,
|b Penguin,
|c 1972 [reprinted 1976].
|
| 300 |
|
|
|a 526 p. :
|b illus. ;
|c 18 cm.
|
| 490 |
0 |
|
|a Penguin education
|
| 490 |
0 |
|
|a Penguin modern economics readings
|
| 504 |
|
|
|a Bibliography: p. 511-515.
|
| 541 |
1 |
|
|e 00000090
|
| 651 |
|
0 |
|a Europe, Eastern
|x Economic policy.
|
| 651 |
|
0 |
|a Communist countries
|x Economic policy.
|
| 650 |
|
0 |
|a Marxian economics.
|
| 700 |
1 |
|
|a Nuti, Domenico Mario,
|e joint comp.
|
| 852 |
4 |
|
|a Ayesha Abed Library
|j General Shelf
|
| 999 |
|
|
|c 9083
|d 9083
|
| 952 |
|
|
|0 0
|1 0
|2 ddc
|4 0
|6 335_008000000000000_NOV_1976
|7 0
|9 11250
|a BRACUL
|b BRACUL
|c GEN
|d 2010-06-24
|g 0.00
|l 1
|o 335.008 NOV
|p 3010000090
|r 2011-12-20
|s 2011-10-04
|t 1
|w 2010-06-24
|y BK
|x Not price in Register
|